| 000 | 00499nam a2200193Ia 4500 | ||
|---|---|---|---|
| 003 | GCL | ||
| 008 | 140319s9999 xx 000 0 eng d | ||
| 040 |
_aGCL / _cGCL |
||
| 082 | 0 | 4 |
_a745.5922 _bB H |
| 100 | 1 | _aBECKER, SYLVIA | |
| 245 | 1 | 0 |
_aHOW TO MAKE CERAMIC CHARACTER DOLLS AND THEIR ACCESSORIES / _cBECKER, SYLVIA |
| 260 |
_a[S.N] : _bSEARCH PRESS ، _c1992 |
||
| 300 | _a80 | ||
| 650 | 0 | 4 | _aCERAMICS |
| 650 | 0 | 4 | _aHANDCRAFT |
| 650 | 0 | 4 | _aACCESSORIES |
| 650 | 0 | 4 | _aDOLLS |
| 942 |
_2ddc _cBK |
||
| 999 |
_c24679 _d24679 |
||